Welcome to the Holygrace Academy Library

Please use search bar below to get started

THINK & GROW RICH (Record no. 5319)

MARC details
000 -LEADER
fixed length control field 00271nam a22001217a 4500
082 ## - DEWEY DECIMAL CLASSIFICATION NUMBER
Classification number 100
Item number HIL/T
100 ## - MAIN ENTRY--AUTHOR NAME
Personal name HILL,NAPOLEON
245 ## - TITLE STATEMENT
Title THINK & GROW RICH
260 ## - PUBLICATION, DISTRIBUTION, ETC. (IMPRINT)
Place of publication DELHI
Name of publisher JAINCO PUBLISHERS
300 ## - PHYSICAL DESCRIPTION
Number of Pages 272
650 ## - SUBJECT ADDED ENTRY--TOPICAL TERM
Topical Term PERSONALITY DEVELOPMENT
Geographic subdivision DELHI
942 ## - ADDED ENTRY ELEMENTS (KOHA)
Koha item type Books
Holdings
Withdrawn status Lost status Collection code Home library Current library Shelving location Date acquired Source of acquisition Full call number Accession Number Koha item type
    Reference Main Library Main Library SHELF-17H-PERSONALITY DEVELOPMENT BOOKS 11/12/2019 PURCHASE 100 HIL/T 12226 Books
    Reference Main Library Main Library SHELF-17H-PERSONALITY DEVELOPMENT BOOKS 19/10/2012 PURCHASE 100 HIL/T 07030 Books